Haußpostill D. Martin Luthers/ vber die Sontags/ vnd der fůrnembsten Fest Euangelia/ durch das gantze Jar. Mit fleisz von newen corrigiert/ vnd mit XIII. Predigen/ von der Passio/ oder Histori des leydens Christi gemehret

Bibliographic Details
Main Author: Luther, Martin, 1483-1546 (Author, Author of introduction, etc.)
Corporate Author: Vom Berg, Johann - Neuber, Ulrich (Norimberg, Nemecko) (Printer)
Other Authors: Dietrich, Veit, 1506-1549 (Dedicator), Vom Berg, Johann, zomrel 1563 (Printer), Neuber, Ulrich, zomrel 1571 (Printer)
Format: Book
Language:German
PhysicalDescription:3 Teile drevorezy fol. 33 x 22 cm
Published: Nůrnberg [Gedruckt ... durch Johann vom Berg/ vnd Vlrich Newber] [1557] - M.D.LVIII. [=1558]
Subjects:

MARC

LEADER 00000nam a2200000 a 4500
001 vtls001515912
003 SK-MaSNL
005 20260302003215.0
008 251124s1557 gw a f 1 0 ger
035 |a H 11321Bap 
040 |a SNK  |b slo  |c SNK  |e AACR2 
041 0 |a ger 
044 |a gw  |c DE 
072 7 |a 2-1  |x Prirodzená teológia. Náboženská filozofia  |2 konspekt 
080 |a 2-1  |2 2011 
080 |a 27-475.5  |2 2011 
100 1 |a Luther, Martin,  |d 1483-1546  |4 aut  |4 aui  |9 106834 
245 1 0 |a Haußpostill D. Martin Luthers/ vber die Sontags/ vnd der fůrnembsten Fest Euangelia/ durch das gantze Jar. Mit fleisz von newen corrigiert/ vnd mit XIII. Predigen/ von der Passio/ oder Histori des leydens Christi gemehret 
246 1 3 |a Hauspostille 
260 |a Nůrnberg  |b [Gedruckt ... durch Johann vom Berg/ vnd Vlrich Newber]  |c [1557] - M.D.LVIII. [=1558] 
300 |a 3 Teile  |b drevorezy  |c fol. 33 x 22 cm 
500 |a Iniciálky s ornamentálnym a figurálnym pozadím v rámčeku na 3, 4, 11 riadkov, drevorezy s náboženskou tematikou, titulný list v drevorezovom portálovom ráme s ornamentálnou a figurálnou výzdobou s náboženskou tematikou, kustódy 
501 |a Príväzok 1.: LUTHER, Martin: Haußpostill. - Nürnberg : Johann vom Berg et Ulrich Neuber. 1554. fol.  |5 SNK IB 73930/prív.1 
501 |a Príväzok 2.: LUTHER, Martin: Haußpostill. - Nürnberg : Johann vom Berg et Ulrich Neuber. 1560-1561. fol.  |5 SNK IB 73930/prív.2 
504 |a Marginálie 
505 1 |a Teil 1.: 1558. [10], CLXXX [=180] listov 
508 |a Predslov: Luther, Martin; dedikácia: Nürnberg - rada mesta; Dietrich, Veit 
510 0 |a VD 16 L/4857 
550 |a Údaje do impresa doplnené aj z literatúry, na titulnom liste je len: Nürnberg. M.D.LVIII 
561 |a Z knižnice františkánov v Bratislave.  |5 SNK IB 73930 
562 |a Rukopisné záznamy o osude knihy, o jej kúpe a predaji v nemčine s neidentifikovateľnými menami.  |5 SNK IB 73930 
563 |a Väzba: pôvodná, renesančná, žltá koža s ornamentálnou a figurálnou slepotlačou, chrbát červený, stopy po sponách.  |5 SNK IB 73930 
650 0 7 |a teológia  |2 SNKPH  |9 1814 
650 0 7 |a kázne  |2 SNKPH  |9 1954 
700 1 |a Dietrich, Veit,  |d 1506-1549  |4 dto  |9 127342 
700 1 |a Vom Berg, Johann,  |d zomrel 1563  |4 prt  |9 126277 
700 1 |a Neuber, Ulrich,  |d zomrel 1571  |4 prt  |9 176956 
710 1 |a Vom Berg, Johann - Neuber, Ulrich (Norimberg, Nemecko),  |d 1546-1563  |4 prt  |9 91382 
710 0 |a rada mesta  |c Norinberg  |4 hnr  |9 641593 
710 1 |a Františkáni (Bratislava, Slovensko)  |4 fmo  |9 281881 
752 |a Nemecko  |d Norimberg 
852 |a snk  |b Historické fondy  |p IB 73930 
958 |a ONDV 
999 |c 991021  |d 992951 
952 |t Fr Ba 11 321  |a SNK  |b SNK  |c SNK_HF  |y PREZ  |7 0  |p 17A1357667  |o snkIB 73930  |i snk2020/3005  |8 5  |0 0  |1 0  |4 0  |d 2005-04-05  |l 0  |r 2005-04-05 00:00:00  |w 2026-02-24